NBA Player’s Draft Origin - Statistics

General Stats
  • This quiz has been taken 39 times
  • The average score is 7 of 10
Answer Stats
Hint Answer % Correct
Jalen Brunson Dallas Mavericks
94%
James Harden Oklahoma City Thunder
94%
Luka Doncic Atlanta Hawks
91%
Tyrese Halliburton Sacramento Kings
91%
DeAndre Ayton Phoenix Suns
85%
Kawhi Leonard Indiana Pacers
79%
Dirk Nowitzki Milwaukee Bucks
76%
Shai Gilgeous-Alexander Charlotte Hornets
48%
Scottie Pippen Seattle SuperSonics
45%
Chauncey Billups Boston Celtics
39%
No matching quizzes found
Score Distribution
Percent of People with Each Score
Percentile by Number Answered
Your Score History
You have not taken this quiz